Κατάλογος Βιβλιοθηκών Mediterranean College

Εταιρίκη Διακυβέρνηση/ Επιπτώσεις στην Απόδοση της Επιχείρησης και στην Οικονομία. (Record no. 8571)

MARC details
000 -LEADER
fixed length control field 02160cam a22001934a 4500
005 - ΗΜΕΡΟΜΗΝΙΑ ΚΑΙ ΩΡΑ ΤΕΛΕΥΤΑΙΑΣ ΕΝΗΜΕΡΩΣΗΣ
Πεδίο ελέγχου 20250605164340.0
008 - FIXED-LENGTH DATA ELEMENTS--GENERAL INFORMATION
Πεδίο ελέγχου σταθερού μήκους 250528s ||||||||||||||||||||||||d
035 ## - SYSTEM CONTROL NUMBER
System control number 23570
040 ## - ΠΗΓΗ ΚΑΤΑΛΟΓΟΓΡΑΦΗΣΗΣ
Φορέας πρωτότυπης καταλογογράφησης MC Athens Campus Library
Γλώσσα καταλογογράφησης Ελληνικά, Μοντέρνα (1453-)
Modifying agency MC Athens Campus Library
Κανόνες περιγραφικής καταλογογράφησης AACR2
245 1# - ΤΙΤΛΟΣ ΚΑΙ ΔΗΛΩΣΗ ΥΠΕΥΘΥΝΟΤΗΤΑΣ
Τίτλος Εταιρίκη Διακυβέρνηση/ Επιπτώσεις στην Απόδοση της Επιχείρησης και στην Οικονομία.
260 ## - PUBLICATION, DISTRIBUTION, ETC.
Date of publication, distribution, etc. 2013
300 ## - PHYSICAL DESCRIPTION
Extent 65
520 ## - SUMMARY, ETC.
Summary, etc. Εισαγωγή, Έννοια της Εταιρικής Διακυβέρνησης, Ανάλυση Αρμοδιοτήτων Εταιρικής Διακυβέρνησης, Σχέση της Αντιπροσωπεύσης και Κόστος Αντιπροσώπευσης, Θεωρία της Επιτροπείας - Επιμελητείας, Θεωρία της Ηγεμονίας, Κύρια Συστήματα Διακυβέρνησης (Εξωτερικό - Εσωτερικό), Εξωτερικό Αγγλοσαξονικό Σύστημα και Κλυρια Χαρακτηριστηκά, Εσωτερικό ή Υπειρώτικο Σύστημα (Ευρωπαϊκό Σύστημα), Μέτοχοι και Έταιροι (STAKEHOLDERS), Ομάδες Stakeholders, Εσωτερικός Έλεγχος και Διοίκηση Εταιριών (Διοικητικά Συμβούλια), Ρόλος Διοικητικών Συμβούλων, Επιχειρησιακής Στρατηγικής και Διακρίσεις Μελών Δ.Σ, Επιτροπές Ελέγχου και Εταιρική Διακυβέρνηση, Σλυστημα Εσωτερικού Ελέγχου και Εταιρική Διακυβέρνηση, Καθορισμός Δικλειδών Ασφαλείας στην Πολιτική και στις Διαδικασίες των Επιχειρήσεων, Λόγοι Διενέργειας Απατών, Περιπτώσεις Μεγάλων Εταιρικών Σκανδάλων, Συμπέρασμα, Βιβλιογραφία.
700 1# - ΠΡΟΣΘΕΤΗ ΑΝΑΓΡΑΦΗ--ΦΥΣΙΚΟ ΠΡΟΣΩΠΟ
Personal name Γωγός Στυλιανός
9 (RLIN) 9154
700 1# - ΠΡΟΣΘΕΤΗ ΑΝΑΓΡΑΦΗ--ΦΥΣΙΚΟ ΠΡΟΣΩΠΟ
Personal name Μαυρίδη Μιχαήλ
9 (RLIN) 9156
942 ## - ADDED ENTRY ELEMENTS (KOHA)
Koha item type Διπλωματική εργασία
Holdings
Τύπος τεκμηρίου Βιβλιοθήκη Τρέχουσα τοποθεσία Barcode Ημερομηνία απόκτησης Ταξιθετικό σύμβολο Αριθμός αντιτύπου Κατάσταση απόσυρσης Κατάσταση χαμένου Κατάσταση κατεστραμμένου Μη δανεισμός Σύνολο δανεισμών Ημερομηνία τελευταίας εμφάνισης Η τιμή ισχύει από
Διπλωματική εργασία MC Athens Campus Library MC Athens Campus Library 9780000085702 05/06/2025 BUS 2013 (18) 1           05/06/2025 05/06/2025

MC Athens Campus Library
Πατησίων 94 & Κοδριγκτώνος 13, 104 34
Πελλήνης 8 & Πατησίων 107, 112 51
Τ: +30 210 8899600

MC Thessaloniki Campus Library
Ίωνος Δραγούμη 21, 54625 | Ίωνος Δραγούμη 15, 54625
Τ: +30 2310 287779 – Τ: +30 2314 440300